000 00284nam a2200121Ia 4500
008 191201s2015 xx 000 0 und d
100 _aMAHESHWARI,S.N
245 0 _aIntroduction to Accountancy
260 _aN. Delhi
_bVikas
_c2015
300 _aMISC
650 _aBBA
942 _2ddc
_cBK
999 _c6209
_d6209